Central Library and Information Centre
Sibsagar Girls' College, Sivasagar : Assam

UCHATAR MADHYAMIK RASAYAN (Record no. 10530)

MARC details
000 -LEADER
fixed length control field 00488cam a2200193ua 4500
008 - FIXED-LENGTH DATA ELEMENTS--GENERAL INFORMATION
fixed length control field 160624n2006 II |||gr||||Z||||||asm
040 ## - CATALOGING SOURCE
Original cataloging agency MAIN
041 ## - LANGUAGE CODE
-- English
082 ## - DEWEY DECIMAL CLASSIFICATION NUMBER
Classification number 540 CHA
100 ## - MAIN ENTRY--PERSONAL NAME
Personal name CHAUDHURY, KAMLESH.
245 ## - TITLE STATEMENT
Title UCHATAR MADHYAMIK RASAYAN
250 ## - EDITION STATEMENT
Edition statement 14TH.
260 ## - PUBLICATION, DISTRIBUTION, ETC.
Place of publication, distribution, etc. NEW DELHI
Name of publisher, distributor, etc. OXFORD UNIVERSITY PRESS
Date of publication, distribution, etc. 2006
300 ## - PHYSICAL DESCRIPTION
Extent 572:
Dimensions 24CM.
700 ## - ADDED ENTRY--PERSONAL NAME
Personal name CHAUDHURY, KAMLESH.,
Relator term Author.
942 ## - ADDED ENTRY ELEMENTS (KOHA)
Koha item type Books
653 ## - INDEX TERM--UNCONTROLLED
Uncontrolled term Chemistry & allied sciences
Holdings
Withdrawn status Lost status Damaged status Not for loan Collection code Home library Current library Shelving location Date acquired Full call number Barcode Date last seen Copy number Price effective from Koha item type
        TBCHE Central Library and Information Centre Sibsagar Girls College Central Library and Information Centre Sibsagar Girls College Chemistry Rack 01.08.2006 540 CHA 21639 27.02.2020 1 27.02.2020 Books


Sibsagar Girl's College © 2020. All rights reserved.
Powered by Koha.
Maintained by Abhijit Borpuzari.